[Event "Villa Ballester op 73rd"]
[Site "Buenos Aires"]
[Date "2024.01.27"]
[Round "8"]
[White "Campos, Matias"]
[Black "Tunez, Adrian"]
[Result "1-0"]
[WhiteElo "2170"]
[BlackElo "1929"]
[PlyCount "141"]
[EventDate "2024.01.19"]
[EventType "swiss"]
[EventRounds "9"]
[EventCountry "ARG"]
[SourceTitle "CB06_2024"]
[SourceDate "2024.02.07"]
[SourceVersion "1"]
[SourceVersionDate "2024.02.07"]
[SourceQuality "1"]

1. c4 Nc6 2. d4 e5 3. d5 Nce7 4. h4 d6 5. Nc3 g6 6. h5 Bg7 7. h6 Bf8 8. e4 Nf6 9. Bd3 Nd7 10. Nge2 Nc5 11. f4 Bg4 12. fxe5 dxe5 13. Be3 Nxd3+ 14. Qxd3 f5 15. 0-0-0 f4 16. Bf2 b6 17. Bh4 Kf7 18. Rdf1 g5 19. Bxg5 Rg8 20. Nxf4 Ke8 21. Nh5 Bxh5 22. Rxh5 Rxg5 23. Rxf8+ Kxf8 24. Rxg5 Ng6 25. Qf3+ Kg8 26. Qf5 Qd6 27. Nb5 Qe7 28. Qg4 Rf8 29. Rf5 Re8 30. Nc3 Qc5 31. Rg5 Qf8 32. Rxg6+ hxg6 33. Qxg6+ Kh8 34. Kc2 Qf2+ 35. Kb3 Rg8 36. Qe6 Rxg2 37. Qxe5+ Kg8 38. h7+ Kxh7 39. Qxc7+ Kh6 40. Qd6+ Kh7 41. Qe7+ Kg6 42. Na4 Qc2+ 43. Kb4 Qd2+ 44. Ka3 a5 45. Qe6+ Kg7 46. Qxb6 Rg3+ 47. Nc3 Rg6 48. Qb3 Qd4 49. Qb5 Rb6 50. Qxa5 Rb7 51. Nb5 Qxe4 52. Qc3+ Kg8 53. Qg3+ Rg7 54. Qb8+ Kh7 55. Qc8 Qe3+ 56. Kb4 Qd2+ 57. Kc5 Qxb2 58. Qh3+ Kg8 59. Qe6+ Kh7 60. Qe4+ Kh8 61. Qd4 Qxa2 62. d6 Kg8 63. d7 Rg5+ 64. Kb4 Qb1+ 65. Ka5 Qe1+ 66. Kb6 Rg6+ 67. Kb7 Qe7 68. Qd5+ Kh7 69. Kc8 Qf6 70. d8Q Qa6+ 71. Qb7+ 1-0

[Event "Villa Ballester op 73rd"]
[Site "Buenos Aires"]
[Date "2024.01.25"]
[Round "6"]
[White "Diaz, Diego Patricio"]
[Black "Tunez, Adrian"]
[Result "1/2-1/2"]
[WhiteElo "2077"]
[BlackElo "1929"]
[PlyCount "79"]
[EventDate "2024.01.19"]
[EventType "swiss"]
[EventRounds "9"]
[EventCountry "ARG"]
[SourceTitle "CB06_2024"]
[SourceDate "2024.02.07"]
[SourceVersion "1"]
[SourceVersionDate "2024.02.07"]
[SourceQuality "1"]

1. d4 Nc6 2. Nf3 d6 3. e4 a6 4. d5 Ne5 5. Nxe5 dxe5 6. c4 e6 7. Bd3 Bc5 8. Qe2 Ne7 9. Be3 Bxe3 10. Qxe3 0-0 11. Nc3 exd5 12. cxd5 Qd6 13. 0-0-0 b5 14. Kb1 c5 15. dxc6 Qxc6 16. Rc1 Qb7 17. Nd5 Be6 18. Nxe7+ Qxe7 19. Rc5 Rfc8 20. Rhc1 Rxc5 21. Qxc5 Qxc5 22. Rxc5 Rd8 23. Kc2 f6 24. a3 Rd6 25. Rc7 Kf8 26. Kc3 Bd7 27. Ra7 Ke8 28. h4 h6 29. g3 Kd8 30. b4 g6 31. f4 g5 32. f5 Ke7 33. Bc2 Kd8 34. Bb3 Rc6+ 35. Kd2 Rd6+ 36. Ke3 Rc6 37. Kd2 Rd6+ 38. Ke3 Rc6 39. Kd2 Rd6+ 40. Ke3 1/2-1/2

[Event "ARG-ch sf 98th"]
[Site "Buenos Aires"]
[Date "2023.05.07"]
[Round "9"]
[White "Nascimbene, Ramiro"]
[Black "Tunez, Adrian"]
[Result "1/2-1/2"]
[WhiteElo "1647"]
[BlackElo "1947"]
[PlyCount "140"]
[EventDate "2023.04.29"]
[EventType "swiss"]
[EventRounds "9"]
[EventCountry "ARG"]
[SourceTitle "EXT 2024"]
[Source "ChessBase"]
[SourceDate "2023.10.10"]
[SourceVersion "1"]
[SourceVersionDate "2023.10.10"]
[SourceQuality "1"]

1. e4 Nc6 2. d4 e5 3. d5 Nce7 4. Nf3 Ng6 5. h4 h5 6. Bg5 Be7 7. d6 Bxg5 8. hxg5 cxd6 9. Nc3 d5 10. Qxd5 N8e7 11. Qd6 Qb6 12. Qxb6 axb6 13. Nb5 0-0 14. Bc4 d5 15. exd5 Bg4 16. Nd2 Nf4 17. f3 Bf5 18. d6 Ned5 19. g3 Ne3 20. gxf4 Nxc2+ 21. Kf2 Nxa1 22. Rxa1 exf4 23. b3 Rfd8 24. a4 h4 25. Ne4 h3 26. Nec3 Kh7 27. Bxf7 Rac8 28. Bc4 Kg6 29. Nd5 Rc5 30. Rg1 Kh5 31. Nxf4+ Kh4 32. Nd4 g6 33. Nxf5+ gxf5 34. Ne6 Rxc4 35. bxc4 Rxd6 36. Nf4 h2 37. Rh1 Kxg5 38. Nd5 Rc6 39. Rxh2 Rxc4 40. Rg2+ Kh6 41. Ne7 f4 42. Rg6+ Kh5 43. Rxb6 Rxa4 44. Rxb7 Ra2+ 45. Kf1 Ra3 46. Ke2 Kh4 47. Nd5 Kg3 48. Rg7+ Kh4 49. Nxf4 Re3+ 50. Kd2 Rxf3 51. Ng2+ Kh5 52. Ke2 Ra3 53. Ne3 Kh6 54. Rg3 Ra8 55. Kf3 Rf8+ 56. Ke4 Re8+ 57. Kf4 Kh5 58. Rg5+ Kh4 59. Nf5+ Kh3 60. Rh5+ Kg2 61. Ne3+ Kf2 62. Rh2+ Ke1 63. Rh1+ Ke2 64. Rh2+ Kd3 65. Nf5 Re4+ 66. Kf3 Re8 67. Rh4 Rf8 68. Kf4 Ke2 69. Rh3 Kd2 70. Ke4 Re8+ 1/2-1/2

[Event "ARG-ch sf 98th"]
[Site "Buenos Aires"]
[Date "2023.05.01"]
[Round "3"]
[White "Fiaschi, Santiago"]
[Black "Tunez, Adrian"]
[Result "0-1"]
[WhiteElo "1432"]
[BlackElo "1947"]
[PlyCount "55"]
[EventDate "2023.04.29"]
[EventType "swiss"]
[EventRounds "9"]
[EventCountry "ARG"]
[SourceTitle "CBM 214 Extra"]
[Source "ChessBase"]
[SourceDate "2023.07.31"]
[SourceVersion "1"]
[SourceVersionDate "2023.07.31"]
[SourceQuality "1"]

1. d4 Nc6 2. e4 e5 3. d5 Nce7 4. Be2 Ng6 5. Nf3 Nf6 6. Nbd2 Bc5 7. 0-0 0-0 8. Bd3 d6 9. Nb3 Bb6 10. Qe1 Nh5 11. Be3 Nhf4 12. Bxb6 axb6 13. Qe3 Nxd3 14. Qxd3 f5 15. Nbd2 fxe4 16. Nxe4 Nf4 17. Qe3 Qe8 18. Ng3 Nxd5 19. Qe4 Nf6 20. Qc4+ Rf7 21. Ng5 d5 22. Qc3 Re7 23. Nf3 c5 24. b4 d4 25. Qd2 c4 26. Ng5 Qg6 27. f3 c3 28. Qe2 0-1

[Event "Vicente Lopez ProAm 100 Years op"]
[Site "Buenos Aires"]
[Date "2022.10.16"]
[Round "6"]
[White "Caruso, Tomas"]
[Black "Tunez, Adrian"]
[Result "0-1"]
[WhiteElo "2138"]
[BlackElo "1919"]
[PlyCount "118"]
[EventDate "2022.10.11"]
[EventType "swiss"]
[EventRounds "9"]
[EventCountry "ARG"]
[SourceTitle "CBM 210 Extra"]
[Source "ChessBase"]
[SourceDate "2022.11.30"]
[SourceVersion "1"]
[SourceVersionDate "2022.11.30"]
[SourceQuality "1"]

1. e4 Nc6 2. d4 d6 3. Be3 a6 4. a4 e5 5. d5 Nce7 6. h4 f5 7. f3 fxe4 8. fxe4 Nf6 9. Qd3 Nh5 10. Be2 Ng3 11. Rh2 Nxe2 12. Nxe2 Bg4 13. Nd2 Qd7 14. Nf3 Ng8 15. h5 Be7 16. Ng3 c6 17. dxc6 Qxc6 18. h6 g6 19. Ne2 Nf6 20. Nc3 Be6 21. 0-0-0 Rc8 22. Rh4 0-0 23. Bg5 Bc4 24. Qd2 b5 25. Nd5 Bxd5 26. exd5 Qc7 27. Bxf6 Rxf6 28. Rg4 b4 29. b3 a5 30. Kb1 Qd7 31. Re4 Bf8 32. Rh1 Qf5 33. Qe2 Rf7 34. Nd2 Rc5 35. Qd3 Rc3 36. Qe2 Qf2 37. Nc4 Qc5 38. Ne3 Rc7 39. g4 Bxh6 40. Nc4 Bg7 41. Rd1 Rf7 42. Re3 Rxe3 43. Qxe3 Qxe3 44. Nxe3 Rf4 45. Nc4 Rxg4 46. Nxd6 e4 47. Ne8 e3 48. Re1 Rd4 49. c4 bxc3 50. d6 Rd2 51. Rxe3 Rb2+ 52. Kc1 Bh6 53. Nf6+ Kf7 54. Ng4 Bxe3+ 55. Nxe3 Rxb3 56. Kc2 Ra3 57. Nd5 Ke6 58. Nb6 Ra2+ 59. Kb3 Rb2+ 0-1

[Event "Vicente Lopez ProAm 100 Years op"]
[Site "Buenos Aires"]
[Date "2022.10.16"]
[Round "7"]
[White "Tunez, Adrian"]
[Black "Villalba, Marcelo"]
[Result "0-1"]
[WhiteElo "1919"]
[BlackElo "2244"]
[PlyCount "126"]
[EventDate "2022.10.11"]
[EventType "swiss"]
[EventRounds "9"]
[EventCountry "ARG"]
[SourceTitle "CBM 210 Extra"]
[Source "ChessBase"]
[SourceDate "2022.11.30"]
[SourceVersion "1"]
[SourceVersionDate "2022.11.30"]
[SourceQuality "1"]

1. e4 e5 2. Nf3 Nc6 3. Bc4 Bc5 4. c3 Nf6 5. d4 exd4 6. cxd4 Bb4+ 7. Nc3 Nxe4 8. 0-0 Bxc3 9. d5 Bf6 10. Re1 Ne7 11. Rxe4 d6 12. g4 0-0 13. g5 Be5 14. Nxe5 dxe5 15. Rxe5 Ng6 16. Re3 Qxg5+ 17. Rg3 Qh4 18. b3 Ne5 19. Bg5 Qe4 20. Bf6 Bg4 21. Bxe5 Bxd1 22. Bxg7 Bg4 23. Bc3 f6 24. h3 h5 25. hxg4 h4 26. Rh3 Qxg4+ 27. Kh2 Kh7 28. Rg1 Qf4+ 29. Kh1 Rg8 30. Bd3+ Kh8 31. Bg6 Rxg6 32. Rxg6 Rg8 33. Bxf6+ Kh7 34. Rxg8 Kxg8 35. Bxh4 Qe4+ 36. Kh2 Qxd5 37. Re3 c5 38. Bg3 b5 39. Be5 Qd2 40. Kg3 Qxa2 41. f4 c4 42. bxc4 Qxc4 43. Rc3 Qf1 44. Kg4 Kf7 45. Kf5 Qb1+ 46. Kg5 Qg6+ 47. Kh4 Qg2 48. Ra3 Ke6 49. Rg3 Qh2+ 50. Kg4 b4 51. Rh3 Qe2+ 52. Kg3 b3 53. Rh6+ Kf5 54. Rh2 Qd3+ 55. Kf2 a5 56. Ke1 a4 57. Rd2 Qe3+ 58. Kd1 Qg1+ 59. Ke2 a3 60. Kd3 Qb1+ 61. Kc4 Qc1+ 62. Kd3 b2 63. Bxb2 axb2 0-1

[Event "Vicente Lopez ProAm 100 Years op"]
[Site "Buenos Aires"]
[Date "2022.10.11"]
[Round "1"]
[White "Tunez, Adrian"]
[Black "Cori Tello, Deysi Estella"]
[Result "0-1"]
[WhiteElo "1919"]
[BlackElo "2354"]
[PlyCount "56"]
[EventDate "2022.10.11"]
[EventType "swiss"]
[EventRounds "9"]
[EventCountry "ARG"]
[SourceTitle "CBM 210 Extra"]
[Source "ChessBase"]
[SourceDate "2022.11.30"]
[SourceVersion "1"]
[SourceVersionDate "2022.11.30"]
[SourceQuality "1"]

1. e4 e6 2. d4 d5 3. e5 c5 4. c3 Nc6 5. Nf3 Nge7 6. Bd3 cxd4 7. cxd4 Nf5 8. Bxf5 exf5 9. 0-0 Be7 10. Nc3 Be6 11. Ne2 g5 12. Qd3 h6 13. Rd1 Qd7 14. Bd2 f4 15. Ne1 Bf5 16. Qb3 Rg8 17. Nd3 f3 18. gxf3 Rg6 19. Rac1 b6 20. Nb4 Rc8 21. a3 g4 22. f4 Be4 23. Rxc6 Rcxc6 24. Nxc6 g3 25. Nxg3 Qh3 26. f3 Rxg3+ 27. hxg3 Qxg3+ 28. Kf1 Bxf3 0-1

[Event "Buenos Aires San Martin Memorial"]
[Site "Buenos Aires"]
[Date "2020.03.11"]
[Round "6"]
[White "Valli, Americo"]
[Black "Tunez, Adrian"]
[Result "1-0"]
[WhiteElo "1954"]
[BlackElo "1936"]
[PlyCount "89"]
[EventDate "2020.03.06"]
[EventType "tourn"]
[EventRounds "9"]
[EventCountry "ARG"]
[SourceTitle "CBM 195 Extra"]
[Source "ChessBase"]
[SourceDate "2020.05.31"]
[SourceVersion "1"]
[SourceVersionDate "2020.05.31"]
[SourceQuality "1"]

1. Nf3 Nc6 2. d4 d6 3. Nc3 Bg4 4. d5 Bxf3 5. exf3 Ne5 6. f4 Nd7 7. Be3 Ngf6 8. Be2 g6 9. g4 Nb8 10. g5 Nfd7 11. Bxa7 c5 12. Bxb8 Rxb8 13. h4 h5 14. f5 Qb6 15. fxg6 fxg6 16. Qd3 Ne5 17. Qb5+ Qxb5 18. Nxb5 Kd8 19. f4 Nd7 20. 0-0 Nb6 21. c4 Na8 22. f5 gxf5 23. Rxf5 Bg7 24. Raf1 Kd7 25. b3 Be5 26. Kg2 Rbg8 27. Bd3 Nc7 28. Nxc7 Kxc7 29. Rf7 Kd8 30. Rh7 Rxh7 31. Bxh7 Rg7 32. Rf8+ Kc7 33. Bf5 Bf6 34. Kh3 Be5 35. Rc8+ Kb6 36. Be6 Ka5 37. Rg8 Rh7 38. g6 Rg7 39. Ra8+ Kb4 40. Ra4+ Kc3 41. Bf7 Kd4 42. Ra7 b5 43. Rxe7 bxc4 44. bxc4 Kxc4 45. Rxe5 1-0

[Event "Buenos Aires CC Argentino op"]
[Site "Buenos Aires"]
[Date "2014.04.24"]
[Round "1"]
[White "Leon, Juan Carlos"]
[Black "Tunez, Adrian"]
[Result "1-0"]
[WhiteElo "2279"]
[BlackElo "1900"]
[PlyCount "111"]
[EventDate "2014.04.24"]
[EventType "swiss"]
[EventRounds "9"]
[EventCountry "ARG"]
[SourceTitle "EXT 2016"]
[Source "ChessBase"]
[SourceDate "2015.10.08"]
[SourceVersion "1"]
[SourceVersionDate "2015.10.08"]
[SourceQuality "1"]

1. e4 d5 2. exd5 Nf6 3. Bb5+ Bd7 4. Be2 Nxd5 5. d4 e6 6. Nf3 Be7 7. 0-0 0-0 8. c4 Nf6 9. Ne5 c5 10. dxc5 Bxc5 11. Bg5 Bc6 12. Nc3 h6 13. Bh4 Qd4 14. Bg3 Qxd1 15. Rfxd1 Ne4 16. Nxe4 Bxe4 17. Bh5 g6 18. Re1 Bc6 19. Be2 Bd4 20. Red1 Bxb2 21. Nxc6 Nxc6 22. Rab1 Be5 23. Bxe5 Nxe5 24. f4 Nc6 25. Rxb7 Rfd8 26. Rxd8+ Rxd8 27. Rc7 Nd4 28. Kf2 Rb8 29. Bd3 Rb2+ 30. Ke3 Nf5+ 31. Bxf5 exf5 32. Rxa7 Rxg2 33. h4 Rc2 34. Kd3 Rf2 35. c5 Rxf4 36. Ra8+ Kg7 37. c6 Rf3+ 38. Kd4 Rf4+ 39. Kd5 Rf1 40. c7 Rd1+ 41. Ke5 f6+ 42. Kf4 g5+ 43. Kf3 g4+ 44. Ke2 Rc1 45. c8Q Rxc8 46. Rxc8 f4 47. Rc4 f3+ 48. Kf2 f5 49. a4 Kg6 50. a5 Kh5 51. a6 Kxh4 52. a7 Kh3 53. a8Q h5 54. Qa1 g3+ 55. Kxf3 g2 56. Qg1 1-0

[Event "Buenos Aires Bolivar op 4th"]
[Site "Buenos Aires"]
[Date "2011.06.22"]
[Round "8"]
[White "Sanduay, Nicolas"]
[Black "Tunez, Adrian"]
[Result "1-0"]
[WhiteElo "2043"]
[BlackElo "1946"]
[PlyCount "61"]
[EventDate "2011.06.13"]
[EventType "swiss"]
[EventRounds "9"]
[EventCountry "ARG"]
[SourceTitle "EXT 2014"]
[Source "ChessBase"]
[SourceDate "2013.11.20"]
[SourceVersion "1"]
[SourceVersionDate "2013.11.20"]
[SourceQuality "1"]

1. e4 d5 2. exd5 Nf6 3. d4 Nxd5 4. c4 Nf6 5. Nc3 c6 6. Nf3 Bg4 7. Be3 e6 8. Be2 Be7 9. 0-0 0-0 10. h3 Bh5 11. Ne5 Bxe2 12. Qxe2 Nbd7 13. Rfd1 h6 14. Rac1 Qa5 15. Nxd7 Nxd7 16. d5 Rad8 17. dxe6 fxe6 18. Bxh6 Qf5 19. Be3 Ne5 20. Bd4 Rxd4 21. Rxd4 Bc5 22. Rd2 Bxf2+ 23. Kh1 Bh4 24. Qe4 Qf6 25. Qe2 Qh6 26. Rcd1 Qf4 27. Rd4 Qg3 28. Rxh4 Rf2 29. Rh8+ Kf7 30. Qh5+ Ng6 31. Rd7+ 1-0

[Event "Buenos Aires Bolivar op 4th"]
[Site "Buenos Aires"]
[Date "2011.06.15"]
[Round "3"]
[White "Tunez, Adrian"]
[Black "Cervetto, Esteban"]
[Result "0-1"]
[WhiteElo "1946"]
[BlackElo "2134"]
[PlyCount "113"]
[EventDate "2011.06.13"]
[EventType "swiss"]
[EventRounds "9"]
[EventCountry "ARG"]
[SourceTitle "EXT 2014"]
[Source "ChessBase"]
[SourceDate "2013.11.20"]
[SourceVersion "1"]
[SourceVersionDate "2013.11.20"]
[SourceQuality "1"]

1. e4 e5 2. Nf3 Nc6 3. Bb5 a6 4. Bxc6 dxc6 5. d4 exd4 6. Qxd4 Qxd4 7. Nxd4 Bd7 8. Be3 0-0-0 9. Nb3 Nf6 10. f3 b6 11. 0-0 Re8 12. a4 Nd5 13. Bd2 Nb4 14. Bxb4 Bxb4 15. c3 Bd6 16. N1d2 f5 17. a5 b5 18. Rfe1 Kb8 19. Rad1 Re7 20. Nd4 Rhe8 21. Kf1 g6 22. exf5 gxf5 23. Rxe7 Rxe7 24. N2b3 c5 25. Ne2 Be6 26. Nbc1 c4 27. Nd4 Bd7 28. Nce2 Rg7 29. f4 Rg6 30. g3 c5 31. Nf3 Kc7 32. Neg1 Kc6 33. Nh4 Rf6 34. Ngf3 Bc8 35. Ne5+ Bxe5 36. fxe5 Re6 37. Rd8 Bd7 38. Nf3 Re8 39. Rxe8 Bxe8 40. Kf2 Kd5 41. Ke3 Bh5 42. Ng5 h6 43. Nh3 Kxe5 44. Nf4 Bf7 45. h4 Be8 46. h5 Bf7 47. Kf3 Kf6 48. g4 Kg5 49. gxf5 Kxf5 50. Ke3 Ke5 51. Kf3 b4 52. Ke3 Be8 53. Kf3 Kf5 54. Ke3 Bc6 55. Ng6 Kg5 56. Nf4 Kf5 57. Ng6 0-1

[Event "Buenos Aires Bolivar op 4th"]
[Site "Buenos Aires"]
[Date "2011.06.13"]
[Round "1"]
[White "Tunez, Adrian"]
[Black "Bielicki, Carlos"]
[Result "0-1"]
[WhiteElo "1946"]
[BlackElo "2333"]
[PlyCount "142"]
[EventDate "2011.06.13"]
[EventType "swiss"]
[EventRounds "9"]
[EventCountry "ARG"]
[SourceTitle "EXT 2014"]
[Source "ChessBase"]
[SourceDate "2013.11.20"]
[SourceVersion "1"]
[SourceVersionDate "2013.11.20"]
[SourceQuality "1"]

1. e4 e5 2. Nf3 Nc6 3. Bb5 a6 4. Bxc6 dxc6 5. d4 exd4 6. Qxd4 Qxd4 7. Nxd4 Bd7 8. 0-0 0-0-0 9. Be3 c5 10. Nf3 f6 11. c4 Bd6 12. Nc3 Ne7 13. Rad1 Rhe8 14. Ne1 b6 15. Nd3 Ng6 16. f3 h6 17. Rfe1 Ne5 18. b3 Kb7 19. Nf4 Nc6 20. Nh5 Re7 21. Nd5 Rf7 22. Ng3 Re8 23. Bf4 Be5 24. Bxe5 fxe5 25. Ne2 Nd4 26. Ne3 g6 27. Nc1 c6 28. Nd3 a5 29. a4 Kc7 30. Rb1 Kd6 31. Rb2 h5 32. Nc2 Rb8 33. Nxd4 cxd4 34. h4 Be6 35. f4 exf4 36. e5+ Kd7 37. Re4 Rbf8 38. Rxd4+ Ke7 39. Rf2 f3 40. Rxf3 Rxf3 41. gxf3 Rxf3 42. Nf4 Bf5 43. e6 Re3 44. Kf2 Re4 45. Rxe4 Bxe4 46. Ke3 Bf5 47. Kd4 Kd6 48. Kc3 Bxe6 49. Nxg6 Bf5 50. Nf4 Bg4 51. b4 c5 52. bxc5+ bxc5 53. Nd5 Bf3 54. Nf4 Bg4 55. Nd3 Bd7 56. Nf4 Be8 57. Kb3 Ke5 58. Nd3+ Kd4 59. Nf4 Bf7 60. Ne2+ Ke3 61. Nc3 Kf4 62. Nb5 Kg4 63. Nd6 Bg6 64. Nb7 Kxh4 65. Nxc5 Kg3 66. Ne6 h4 67. Nd4 h3 68. Ne2+ Kf2 69. Nf4 h2 70. Nxg6 h1Q 71. Kb2 Qc6 0-1